000 00930nam a2200289 i 4500
003 DO-SdBNP
005 20251105091555.0
007 ta
008 220131e2019 pr ||||er|||| 001 p spa d
020 _a9789945608335
040 _aDO-SdBNP
_bspa
_cBNPHU
_erda
082 4 _aRD861.44
_bG633a
_222
100 1 _aGómez Beras, Carlos Roberto.
_d1959
_eautor
_979441
_4aut.
245 1 0 _aAposento /
_cCarlos Roberto Gómez Beras
264 4 _aSan Juan, Puerto Rico :
_bIsla Negra,
_c2019.
300 _a200 páginas ;
_c22 cm.
336 _atexto
_btxt
_2rdacontent
337 _asin mediación
_bn
_2rdamedia
338 _avolumen
_bnc
_2rdacarrier
490 _aColección Filo de Juego
590 _aInventariado 2022 / MF
650 4 _aLiteratura dominicana.
_967
650 4 _aPoesía dominicana
_966
830 _aColección Filo de Juego
_lspa
_981162
910 _aMFeliz. Validado. Control de calidad/ MAA
942 _2ddc
_cLBS1
999 _c51264
_d51264